000 00451nam a2200181Ia 4500
001 7936
005 20260306160532.0
008 260306t2018||||xx |||||||||||||| ||spa||
041 _aESP
082 _a364
_bS42
100 _aSerrano Tárraga, María Dolores
_eAUT
245 0 _aCriminología:
_bintroducción a sus principios
260 _c2018
300 _a401 páginas :
_c24 cm.
650 _aGEN
654 _aCPS
942 _cLIB
_dJUS
_fJUS
_2ddc
_n
999 _c7936
_d7936